000 00423nam a22001457a 4500
999 _c3316
_d3316
008 200409b ||||| |||| 00| 0 eng d
082 0 0 _a620.00222
_bB5755
100 _91437
_aBhatt, N. D.
245 1 0 _aElementary Engineering drawing (Plane and Solid Geometry) /
_cby N. D. Bhatt
250 _a31st ed.
260 _aAnand
_bCgarotar Publication
_c1991
300 _axv, 600 p.
650 0 _aEngineering Drawing
942 _cBK